Holendrzy w FC Barcelona - nagła śmierć - Statystyki

Ogólne statystyki
  • Ten quiz został rozwiązany 178 razy
  • Średni wynik to 7 z 16
Answers on the Grid
Answers color-coded by a green-red scale on the quiz's grid according to % correct below.
Dennis Bergkamp
Danny Blind
Frank de Boer
Ronald de Boer
Winston Bogarde
Giovanni van Bronckhorst
Phillip Cocu
Johan Cruijff
Memphis Depay
Ed de Goey
Ruud Gullit
John Heitinga
Ruud Hesp
Pierre van Hooijdonk
Frenkie de Jong
Patrick Kluivert
Ronald Koeman
Joris Mathijsen
Andy van der Meyde
Johan Neeskens
Ruud van Nistelrooy
Arthur Numan
Marc Overmars
Robin van Persie
Michael Reiziger
Rob Rensenbrink
Johnny Rep
Clarence Seedorf
Jaap Stam
Georginio Wijnaldum
Richard Witschge
Boudewijn Zenden
 
Statystyki odpowiedzi
Odpowiedź % Poprawnych
Johan Cruijff
86%
Memphis Depay
82%
Frenkie de Jong
69%
Ronald Koeman
69%
Patrick Kluivert
64%
Frank de Boer
58%
Giovanni van Bronckhorst
53%
Ronald de Boer
48%
Marc Overmars
44%
Phillip Cocu
42%
Michael Reiziger
23%
Winston Bogarde
17%
Boudewijn Zenden
14%
Ruud Hesp
14%
Johan Neeskens
13%
Richard Witschge
4%
Nie znaleziono quizów pasujących do podanych kryteriów
Rozkład punktacji
Procent ludzi z każdym wynikiem
Percentyl według liczby udzielonych odpowiedzi
Twoja historia wyników
Nie rozwiązałeś tego quizu